[Event "2005 Standard Chess Dropout Tournament, Round 1"]
[Site "SchemingMind.com"]
[Date "2004.12.13"]
[Round "1"]
[White "AdamMorris"]
[Black "aliwood"]
[Result "0-1"]
[WhiteCountry "ENG"]
[BlackCountry "ENG"]
[WhiteElo "1305"]
[WhiteRD "89"]
[BlackElo "1128"]
[BlackRD "92"]
[GameID "6113"]

1. f4 Nf6 2. Nf3 g6 3. b3 Bg7 4. Bb2 O-O 5. g3 d6 6. Bg2 e5 7. O-O e4 8. Nd4 d5 9. Nc3 c6 10. e3 Bg4
11. Qe1 c5 12. Nde2 d4 13. Nxe4 Nbd7 14. Nxf6+ Nxf6 15. exd4 Re8 16. Bf3 Qe7 17. Kf2 Bxf3 18. Kxf3 Qe4+ 19. Kf2 Ng4+ 20. Kg1 Qxe2
21. Qxe2 Rxe2 22. h3 Nh6 23. Rab1 Rxd2 24. dxc5 Rxc2 25. Bxg7 Kxg7 26. Rfc1 Rxa2 27. g4 Rc8 28. Rc3 Rd8 29. b4 Rdd2 30. g5 Nf5
31. b5 Rg2+ 32. Kf1 Rh2 33. Kg1 Rag2+ 34. Kf1 Nh4
0-1

[Event "2005 Standard Chess Dropout Tournament, Round 1"]
[Site "SchemingMind.com"]
[Date "2004.12.13"]
[Round "1"]
[White "Greg Magne"]
[Black "fifi"]
[Result "1/2-1/2"]
[WhiteCountry "CAN"]
[BlackCountry "CAN"]
[WhiteElo "1771"]
[WhiteRD "123"]
[BlackElo "1970"]
[BlackRD "97"]
[GameID "6114"]

1. e4 c5 2. Nf3 Nc6 3. d4 cxd4 4. Nxd4 Nf6 5. Nc3 e5 6. Ndb5 d6 7. Bg5 a6 8. Na3 b5 9. Nd5 Be7 10. Bxf6 Bxf6
11. c3 O-O 12. Nc2 Bg5 13. a4 bxa4 14. Rxa4 Nb8 15. Bc4 Nd7 16. Ra2 Bb7 17. Qe2 a5 18. O-O a4 19. Ncb4 Nc5 20. Nd3 Kh8
21. Nxc5 dxc5 22. Qc2 f5 23. Rd1 fxe4 24. Qxe4 Qe8 25. Qg4 Qf7 26. f4 Bxf4 27. Nxf4 Qxf4 28. Qxf4 exf4 29. Bb5 f3 30. gxf3 Bxf3
31. Rd7 Bg4 32. Rc7 Bh3 33. Rxc5 Rad8 34. Ra1 Rd2=
1/2-1/2

[Event "2005 Standard Chess Dropout Tournament, Round 1"]
[Site "SchemingMind.com"]
[Date "2004.12.13"]
[Round "1"]
[White "alanwo"]
[Black "loco61"]
[Result "1-0"]
[WhiteCountry "ENG"]
[BlackCountry "ENG"]
[WhiteElo "1644"]
[WhiteRD "85"]
[BlackElo "1530"]
[BlackRD "65"]
[GameID "6115"]

1. d4 d5 2. Nf3 Bg4 3. e3 Nf6 4. c3 Nc6 5. Nbd2 e5 6. dxe5 Ne4 7. Be2 Nxd2 8. Nxd2 Bxe2 9. Qxe2 Qe7 10. O-O Qxe5
11. Nf3 Qf6 12. Qb5 Rb8 13. Qxd5 Bd6 14. Qe4+ Be7 15. Rd1 O-O 16. Bd2 Rfe8 17. Qc2 Bd6 18. Be1 Ne5 19. Qe2 Rbd8 20. Rd2 Ng4
21. g3 Qh6 22. Rd3 f5 23. Nh4 Rd7 24. f4 Re6 25. Nxf5 Qh5 26. Nxd6 Rdxd6 27. Rxd6 Rxd6 28. Rc1 b5 29. Rc2 a6 30. Bd2 c5
31. Bc1 Qg6 32. Rd2 h6 33. Rxd6 Qxd6 34. Qxg4 Kh7 35. Qe2 c4 36. a3 a5 37. e4 Kg8 38. f5 Kf7 39. e5 Qd5 40. g4 g6
41. Bxh6 gxf5 42. gxf5 Qc6 43. e6+ Ke7 44. Bg5+ Kf8 45. e7+
1-0

[Event "2005 Standard Chess Dropout Tournament, Round 1"]
[Site "SchemingMind.com"]
[Date "2004.12.13"]
[Round "1"]
[White "Alopinto"]
[Black "Madocillo"]
[Result "0-1"]
[WhiteCountry "COL"]
[BlackCountry "GER"]
[WhiteElo "1775"]
[WhiteRD "119"]
[BlackElo "1809"]
[BlackRD "227"]
[GameID "6117"]

1. e4 d6 2. d4 Nf6 3. Nc3 g6 4. Be3 c6 5. h3 Bg7 6. f4 Qa5 7. Bd3 e5 8. dxe5 dxe5 9. Qf3 Nbd7 10. f5 b5
11. Ne2 b4 12. Nd1 Nc5 13. g4 Nxd3+ 14. cxd3 Ba6 15. Nc1 Nd7 16. Nb3 Qb5 17. d4 exd4 18. Bxd4 Ne5 19. Bxe5 Bxe5 20. Rc1 Rd8
21. Rc5 Qb8 22. Rxc6 Bg3+ 23. Nf2 Rd3 24. Qe2 Qf4 25. O-O Bxf2+ 26. Qxf2 Rg3+ 27. Kh2 Rf3+
0-1

[Event "2005 Standard Chess Dropout Tournament, Round 1"]
[Site "SchemingMind.com"]
[Date "2004.12.13"]
[Round "1"]
[White "antje"]
[Black "Jim"]
[Result "0-1"]
[WhiteCountry "GER"]
[BlackCountry "ENG"]
[WhiteElo "1302"]
[WhiteRD "111"]
[BlackElo "1519"]
[BlackRD "78"]
[GameID "6119"]

1. b3 e5 2. e3 d5 3. Bb2 e4 4. c4 c6 5. d3 dxc4 6. dxc4 Qxd1+ 7. Kxd1 Be7 8. Ne2 Nf6 9. Nd2 O-O 10. g3 Rd8
11. Bg2 Ng4 12. Bxe4 Nxf2+ 13. Kc2 Nxh1 14. Rxh1 Nd7 15. Nf4 Nf6 16. h3 Nxe4 17. Rd1 Rxd2+ 18. Rxd2 Nxd2 19. Kxd2 Bd7 20. Nh5 g6
21. Bf6 Bxf6 22. Nxf6+ Kg7 23. Nxd7 Rd8 24. Kc3 Rxd7
0-1

[Event "2005 Standard Chess Dropout Tournament, Round 1"]
[Site "SchemingMind.com"]
[Date "2004.12.13"]
[Round "1"]
[White "reptile"]
[Black "Mitch The Man"]
[Result "1-0"]
[WhiteCountry "ISR"]
[BlackCountry "USA"]
[WhiteElo "1880"]
[WhiteRD "87"]
[BlackElo "1269"]
[BlackRD "92"]
[GameID "6120"]

1. e4 e5 2. Nf3 d6 3. Bc4 a6 4. h3 Be7 5. O-O Nf6 6. Re1 O-O 7. c3 Be6 8. Bb3 Bxb3 9. Qxb3 b5 10. d4 Nc6
11. Bg5 h6 12. Bh4 g5 13. Bg3 Nh5 14. Bh2 Na5 15. Qd1 Nc4 16. b3 Nb6 17. dxe5 d5 18. Nd4 Ng7 19. Nc6 Qd7 20. Nxe7+ Qxe7
21. exd5 Rad8 22. c4 bxc4 23. bxc4 Nxc4 24. Nc3 Nb2 25. Qc2 Qa3 26. Ne4 Kh8 27. Re3 Qb4 28. Nf6 Nc4 29. Qh7#
1-0

[Event "2005 Standard Chess Dropout Tournament, Round 1"]
[Site "SchemingMind.com"]
[Date "2004.12.13"]
[Round "1"]
[White "Austin Lockwood"]
[Black "Kaspov"]
[Result "1-0"]
[WhiteCountry "ENG"]
[BlackCountry "ARG"]
[WhiteElo "1578"]
[WhiteRD "70"]
[BlackElo "1333"]
[BlackRD "105"]
[GameID "6121"]

1. e4 e5 2. Nf3 Nc6 3. Bb5 Bc5 4. O-O Nge7 5. c3 O-O 6. b3 a6 7. Bxc6 Nxc6 8. d4 exd4 9. cxd4 Be7 10. Nc3 d6
11. d5 Ne5 12. Nxe5 dxe5 13. Qd3 h6 14. f4 exf4 15. Bxf4 Bc5+ 16. Kh1 Bg4 17. Qg3 h5 18. h3 Bd7 19. Bxc7 Qc8 20. Be5 g6
21. Rf6 Kh7 22. Raf1 Qe8 23. d6 Rc8 24. Nd5 Be3 25. Ne7 Rc5 26. Rxf7+ Rxf7 27. Qxg6#
1-0

[Event "2005 Standard Chess Dropout Tournament, Round 1"]
[Site "SchemingMind.com"]
[Date "2004.12.13"]
[Round "1"]
[White "bamuang"]
[Black "juanca"]
[Result "1-0"]
[WhiteCountry "SUI"]
[BlackCountry "ESP"]
[WhiteElo "1373"]
[WhiteRD "174"]
[BlackElo "1547"]
[BlackRD "207"]
[GameID "6122"]

1. e4 e5 2. Nf3 Nc6 3. Bc4 Nd4 4. Nxe5 Qg5 5. Bxf7+ Ke7 6. O-O Qxe5 7. Bxg8 Rxg8 8. c3 Ne6 9. Re1 d6 10. d4 Qf6
11. e5 dxe5 12. Rxe5 Ke8 13. Bg5 Qxg5 14. Rxg5 Nxg5 15. Qh5+ Nf7 16. Nd2 Be6 17. Qb5+ Kd8 18. Qxb7 Rc8 19. Re1 Nd6 20. Qxa7 Bd5
21. Qa5 Ba8 22. Qg5+ Kd7 23. Ne4 Be7 24. Nc5+ Kd8 25. Qxe7#
1-0

[Event "2005 Standard Chess Dropout Tournament, Round 1"]
[Site "SchemingMind.com"]
[Date "2004.12.13"]
[Round "1"]
[White "Barry"]
[Black "mig2004"]
[Result "1-0"]
[WhiteCountry "GBR"]
[BlackCountry "INT"]
[WhiteElo "1764"]
[WhiteRD "83"]
[BlackElo "1482"]
[BlackRD "177"]
[GameID "6123"]

1. d4 Nf6 2. c4 e6 3. Nc3 Bb4 4. e3 c5 5. Ne2 b6 6. a3 Bxc3+ 7. Nxc3 Bb7 8. f3 d5 9. cxd5 exd5 10. Bb5+ Nc6
11. dxc5
1-0

[Event "2005 Standard Chess Dropout Tournament, Round 1"]
[Site "SchemingMind.com"]
[Date "2004.12.13"]
[Round "1"]
[White "Bass CCelik"]
[Black "Ogopogoman"]
[Result "1-0"]
[WhiteCountry "BRA"]
[BlackCountry "USA"]
[WhiteElo "1863"]
[WhiteRD "157"]
[BlackElo "1727"]
[BlackRD "149"]
[GameID "6124"]

1. Nf3 c5 2. b3 d5 3. Bb2 Nd7 4. e3 f6 5. c4 e6 6. cxd5 exd5 7. Nc3 Nb6 8. Be2 Nh6 9. O-O Be7 10. a3 a6
11. Rc1 O-O 12. d4 c4 13. bxc4 Nxc4 14. Bxc4 dxc4 15. a4 Nf7 16. h3 b6 17. Qe2 Be6 18. Rfd1 Bb4 19. d5 Bf5 20. Qxc4 Bxc3
21. Qxc3 Rc8 22. Qb3 Kh8 23. Rxc8 Bxc8 24. d6 Bd7 25. Ba3 Qb8 26. Nd4 Nd8 27. Qc4
1-0

[Event "2005 Standard Chess Dropout Tournament, Round 1"]
[Site "SchemingMind.com"]
[Date "2004.12.13"]
[Round "1"]
[White "bluerook"]
[Black "raul guichard"]
[Result "0-1"]
[WhiteCountry "USA"]
[BlackCountry "POR"]
[WhiteElo "1673"]
[WhiteRD "98"]
[BlackElo "1598"]
[BlackRD "137"]
[GameID "6125"]

1. e4 c5 2. Nf3 Nc6 3. d4 cxd4 4. Nxd4 Nf6 5. Nc3 d6 6. Bb5 Bd7 7. Bg5 a6 8. Bc4 e6 9. O-O Be7 10. f4 Qb6
11. Ne2 e5 12. fxe5 dxe5 13. Be3 exd4 14. Nxd4 O-O 15. Nf5 Bc5 16. Kh1 Bxf5 17. Bxc5 Qxc5 18. Bxf7+ Rxf7 19. Rxf5 Qe7
0-1

[Event "2005 Standard Chess Dropout Tournament, Round 1"]
[Site "SchemingMind.com"]
[Date "2004.12.13"]
[Round "1"]
[White "C. H. O'D. Schlechter"]
[Black "CunningBill"]
[Result "1-0"]
[WhiteCountry "USA"]
[BlackCountry "USA"]
[WhiteElo "1929"]
[WhiteRD "104"]
[BlackElo "1542"]
[BlackRD "125"]
[GameID "6126"]

1. e4 e5 2. Nf3 Nc6 3. d4 exd4 4. Nxd4 Qh4 5. Nb5 Qxe4+ 6. Be2 Bb4+ 7. Bd2 Qe5 8. O-O a6 9. Re1 Kf8 10. Bf1 Qxb2
11. Bxb4+ Nxb4 12. Nxc7 Ne7 13. Qd6 Nc6 14. Nd5 g6 15. Rxe7 Nxe7 16. Qxe7+ Kg7 17. Nbc3 Rg8 18. Qf6+ Kf8 19. Re1 Qxc2 20. Nc7
1-0

[Event "2005 Standard Chess Dropout Tournament, Round 1"]
[Site "SchemingMind.com"]
[Date "2004.12.13"]
[Round "1"]
[White "calipo"]
[Black "langhab"]
[Result "1-0"]
[WhiteCountry "ARG"]
[BlackCountry "PHI"]
[WhiteElo "1982"]
[WhiteRD "101"]
[BlackElo "1710"]
[BlackRD "117"]
[GameID "6128"]

1. e4 e5 2. Nf3 Nc6 3. Bb5 d6 4. d4 Bd7 5. Nc3 exd4 6. Nxd4 Ne5 7. O-O c6 8. Be2 f6 9. f4 c5 10. fxe5 cxd4
11. exf6 Nxf6 12. Qxd4 Qc7 13. Rxf6 d5 14. Nxd5 Qc5 15. Rxf8+ Qxf8 16. Qe5+
1-0

[Event "2005 Standard Chess Dropout Tournament, Round 1"]
[Site "SchemingMind.com"]
[Date "2004.12.13"]
[Round "1"]
[White "Calypso"]
[Black "Knightstar"]
[Result "0-1"]
[WhiteCountry "AUS"]
[BlackCountry "ENG"]
[WhiteElo "1266"]
[WhiteRD "195"]
[BlackElo "1657"]
[BlackRD "95"]
[GameID "6129"]

1. c4 c5 2. g3 Nf6 3. Bg2 e6 4. Nf3 Nc6 5. b3 Be7 6. Bb2 Qc7 7. O-O O-O 8. d3 d5 9. cxd5 exd5 10. d4 b6
11. e3 Bg4 12. Qd3 Rad8 13. Nbd2 Rfe8 14. Rfe1 Bh5 15. dxc5 bxc5 16. Rac1 Bg6 17. Qb5 Rb8 18. Qa4 Nb4 19. Be5 Bd6 20. Bxf6 gxf6
21. Re2 Rb6 22. Qxe8+ Kg7 23. a3 Nd3 24. Rc3 Bf5 25. e4 dxe4 26. Nxe4 Bd7 27. Nxd6 Rxd6 28. Qe3 Bb5 29. Rd2 Re6 30. Rxc5 Qe7
31. Qd4 Nxc5 32. Qg4+ Kf8 33. Nd4 Re1+ 34. Bf1 Bxf1 35. Nf5 Bh3#
0-1

[Event "2005 Standard Chess Dropout Tournament, Round 1"]
[Site "SchemingMind.com"]
[Date "2004.12.13"]
[Round "1"]
[White "catsnack"]
[Black "David Houpt"]
[Result "0-1"]
[WhiteCountry "AUS"]
[BlackCountry "GBR"]
[WhiteElo "1980"]
[WhiteRD "106"]
[BlackElo "1970"]
[BlackRD "169"]
[GameID "6130"]

1. e4 c5 2. Nf3 Nc6 3. Nc3 d6 4. Bc4 Nf6 5. d3 e6 6. O-O Be7 7. Bb5 Bd7 8. h3 a6 9. Ba4 O-O 10. Nh2 d5
11. Bxc6 Bxc6 12. e5 Nd7 13. f4 b5 14. Ng4 b4 15. Ne2 a5 16. Ng3 Qc7 17. Qe2 a4 18. Nh5 Kh8 19. Qe1 Qd8 20. Kh2 d4
21. Nf2 Qc7 22. g4 f5 23. g5 Rfb8 24. Nd1 Nf8 25. Qg3 c4 26. Nf2 Bb7 27. h4 cxd3 28. cxd3 Ng6 29. Qh3 Qc6 30. Rg1 a3
31. Qg3 Qc2 32. bxa3 bxa3 33. Rd1 Qe2 34. Nxg7 Kxg7 35. Rd2 Qh5 36. Kh3 Rc8 37. Rb1 Rab8 38. Rb6 Rxc1
0-1

[Event "2005 Standard Chess Dropout Tournament, Round 1"]
[Site "SchemingMind.com"]
[Date "2004.12.13"]
[Round "1"]
[White "charles"]
[Black "KnightRampant"]
[Result "0-1"]
[WhiteCountry "USA"]
[BlackCountry "USA"]
[WhiteElo "1623"]
[WhiteRD "182"]
[BlackElo "2027"]
[BlackRD "136"]
[GameID "6131"]

1. e4 c5 2. Nf3 g6 3. d4 Bg7 4. Bc4 cxd4 5. Nxd4 Qa5+ 6. c3 Nf6 7. Be2 Nxe4 8. b4 Nxc3 9. Qb3 Qb6 10. Nxc3 Qxd4
11. Nb5 Qxa1 12. O-O Qe5 13. Bc4 O-O 14. g3 Nc6 15. Bf4 Qh5 16. Nc7 Nd4 17. Qe3 Nf3+ 18. Kg2 d5 19. Qxf3 Bh3+
0-1

[Event "2005 Standard Chess Dropout Tournament, Round 1"]
[Site "SchemingMind.com"]
[Date "2004.12.13"]
[Round "1"]
[White "cleverman"]
[Black "pemb0915"]
[Result "1-0"]
[WhiteCountry "USA"]
[BlackCountry "GBR"]
[WhiteElo "1652"]
[WhiteRD "82"]
[BlackElo "1482"]
[BlackRD "161"]
[GameID "6132"]

1. e4 e5 2. Nf3 Nc6 3. Bb5 Nge7 4. O-O g6 5. c3 d5 6. exd5 Nxd5 7. Nxe5 Bd6 8. Nxc6 Qf6 9. Re1+ Be6 10. Nb4+ Kf8
11. Nxd5 Bxd5 12. d4 c6 13. Bd3 Re8 14. Rxe8+ Kxe8 15. Qe2+ Qe6 16. Qxe6+ Bxe6 17. Be3 f5 18. f4 Bd5 19. Nd2 Rg8 20. c4 Be6
21. Nf3 Be7 22. Re1 g5 23. Nxg5 Bxg5 24. fxg5
1-0

[Event "2005 Standard Chess Dropout Tournament, Round 1"]
[Site "SchemingMind.com"]
[Date "2004.12.13"]
[Round "1"]
[White "CunningBill"]
[Black "riptide"]
[Result "1-0"]
[WhiteCountry "USA"]
[BlackCountry "USA"]
[WhiteElo "1542"]
[WhiteRD "125"]
[BlackElo "1152"]
[BlackRD "149"]
[GameID "6133"]

1. d4 d5 2. c4 Nf6 3. Nf3 Nc6 4. e3 e6 5. cxd5 Nxd5 6. a3 Bd6 7. e4 Nf4 8. e5 Be7 9. Bxf4 Bd7 10. Bb5 O-O
11. Nc3 a6 12. Ba4 b5 13. Bc2 b4 14. Qd3 bxc3 15. Qxh7#
1-0

[Event "2005 Standard Chess Dropout Tournament, Round 1"]
[Site "SchemingMind.com"]
[Date "2004.12.13"]
[Round "1"]
[White "David Houpt"]
[Black "Mayaune"]
[Result "1-0"]
[WhiteCountry "GBR"]
[BlackCountry "FRA"]
[WhiteElo "1574"]
[WhiteRD "286"]
[BlackElo "1238"]
[BlackRD "93"]
[GameID "6135"]

1. e4 e5 2. Nf3 Nc6 3. Bb5 Nd4 4. Ba4 Nxf3+ 5. Qxf3 c6 6. Nc3 Bc5 7. Qg3 Qf6 8. d3 h6 9. f4 Bd4 10. Ne2 exf4
11. Bxf4 Bxb2 12. Rb1 b5 13. O-O bxa4 14. Rxb2 Qxb2 15. Bc1 Qxc2 16. Qxg7 Qxe2 17. Qxf7+ Kd8 18. Qf8+ Kc7 19. Bf4+ Kb7 20. Qb4+ Ka6
21. Qxa4+
1-0

[Event "2005 Standard Chess Dropout Tournament, Round 1"]
[Site "SchemingMind.com"]
[Date "2004.12.13"]
[Round "1"]
[White "DavidShakeshaft"]
[Black "Henry Winter"]
[Result "0-1"]
[WhiteCountry "GBR"]
[BlackCountry "IRL"]
[WhiteElo "1287"]
[WhiteRD "152"]
[BlackElo "1889"]
[BlackRD "188"]
[GameID "6136"]

1. c4 e5 2. Nc3 Nc6 3. d3 Nf6 4. Nf3 d5 5. c5 Bxc5 6. Bg5 d4 7. Na4 Bb4+ 8. Nd2 h6 9. Bh4 Qd6 10. a3 Bxd2+
11. Qxd2 b5 12. b3 bxa4 13. bxa4 Rb8 14. Rc1 Qxa3 15. Qc2 Qb4+ 16. Kd1 Nd5 17. Qxc6+ Bd7 18. Qc4 Bxa4+ 19. Rc2 Nc3+ 20. Kd2 Ne4+
21. Kd1 Qb1#
0-1

[Event "2005 Standard Chess Dropout Tournament, Round 1"]
[Site "SchemingMind.com"]
[Date "2004.12.13"]
[Round "1"]
[White "diego"]
[Black "Huima"]
[Result "0-1"]
[WhiteCountry "ARG"]
[BlackCountry "FIN"]
[WhiteElo "1283"]
[WhiteRD "135"]
[BlackElo "1585"]
[BlackRD "133"]
[GameID "6137"]

1. e4 e5 2. Nf3 Nc6 3. Bc4 Nf6 4. d4 Na5 5. Qe2 Nxc4 6. Qxc4 d5 7. exd5 Qxd5 8. Qxc7 Qe4+ 9. Be3 exd4 10. Ne5 Be7
11. Nd2 Qxg2 12. O-O-O dxe3 13. fxe3 Nd5 14. Qc4 Be6 15. Qb5+ Kf8
0-1

[Event "2005 Standard Chess Dropout Tournament, Round 1"]
[Site "SchemingMind.com"]
[Date "2004.12.13"]
[Round "1"]
[White "dinoladetto"]
[Black "Mel"]
[Result "1-0"]
[WhiteCountry "ITA"]
[BlackCountry "USA"]
[WhiteElo "1767"]
[WhiteRD "87"]
[BlackElo "1515"]
[BlackRD "74"]
[GameID "6138"]

1. e4 e5 2. Nf3 Nc6 3. Bb5 Nce7 4. Nxe5 c6 5. Bc4 d5 6. exd5 Nxd5 7. O-O Bd6 8. Re1 Be6 9. Bxd5 cxd5 10. d4 Qc8
11. Bf4 Nf6 12. Nxf7 Bxf4 13. Nxh8 Kd7 14. Qe2 Qc6 15. Nf7 Ne4 16. Ne5+ Bxe5 17. dxe5 Qc5 18. Nd2 Nxd2 19. Qxd2 Rf8 20. c3 Qc4
21. Qd4 Qa6 22. b3 Ke7 23. Qh4+ Kd7 24. Qxh7 Rf7 25. Qc2 Qb6 26. Qd2 Rf5 27. Qd4 Kc6 28. Qxb6+ Kxb6 29. g4 Rf3 30. Re3 Rf4
31. h3 g5 32. Rd1 Kc5 33. Kg2 b5 34. f3 a6 35. a3 a5 36. Red3 Rf7 37. Rd4 Ra7 38. Kg3 b4 39. axb4+ axb4 40. Rxb4 Ra3
41. Rb7
1-0

[Event "2005 Standard Chess Dropout Tournament, Round 1"]
[Site "SchemingMind.com"]
[Date "2004.12.13"]
[Round "1"]
[White "dmichael"]
[Black "Harold"]
[Result "1-0"]
[WhiteCountry "USA"]
[BlackCountry "GBR"]
[WhiteElo "2050"]
[WhiteRD "96"]
[BlackElo "1532"]
[BlackRD "87"]
[GameID "6139"]

1. Nf3 d5 2. c4 e6 3. d4 Nf6 4. g3 Bb4+ 5. Bd2 c5 6. Bxb4 cxb4 7. Nbd2 b6 8. Qa4+ Bd7 9. Qxb4 Nc6 10. Qa3 Qe7
11. Qxe7+ Nxe7 12. Ne5 Bc6 13. Nxc6 Nxc6 14. e3 Nb4 15. Ke2 O-O 16. a3 Nc6 17. cxd5 Nxd5 18. Bg2 Rad8 19. Rac1 Nce7 20. Rc4 Rc8
21. Rhc1 b5 22. Rxc8 Rxc8 23. Rc5 a6 24. Ne4 Rc6 25. Rxc6 Nxc6 26. Nc5 a5 27. Kd2 Kf8 28. Bf1 b4 29. Bb5 Na7 30. Bc4 Ke7
31. Nb7 bxa3 32. bxa3 a4 33. Bxd5 exd5 34. Kc3 Nc6 35. Nc5 Na5 36. Kb4 Nc4 37. Kxa4 Nb2+ 38. Kb5
1-0

[Event "2005 Standard Chess Dropout Tournament, Round 1"]
[Site "SchemingMind.com"]
[Date "2004.12.13"]
[Round "1"]
[White "faaus"]
[Black "Spohn"]
[Result "1-0"]
[WhiteCountry "ARG"]
[BlackCountry "USA"]
[WhiteElo "2050"]
[WhiteRD "114"]
[BlackElo "1678"]
[BlackRD "72"]
[GameID "6141"]

1. e4 c5 2. Nf3 Nc6 3. d4 cxd4 4. Nxd4 Nf6 5. Nc3 a6 6. Nxc6 bxc6 7. e5 Ng8 8. Bd3 d6 9. Qe2 dxe5 10. Qxe5 Qd6
11. Bf4 Qxe5+ 12. Bxe5 f6 13. Bg3 e5 14. O-O-O Bb4 15. f4 exf4 16. Rhe1+ Kf8 17. Bxf4 Ne7 18. Bc4 Bg4 19. Bd6 Bxd6 20. Rxd6 Bh5
21. Rd7 Nd5 22. Nxd5 cxd5 23. Bxd5 Re8 24. Rxe8+
1-0

[Event "2005 Standard Chess Dropout Tournament, Round 1"]
[Site "SchemingMind.com"]
[Date "2004.12.14"]
[Round "1"]
[White "FGutierrez777"]
[Black "Alopinto"]
[Result "0-1"]
[WhiteCountry "USA"]
[BlackCountry "COL"]
[WhiteElo "1087"]
[WhiteRD "134"]
[BlackElo "1750"]
[BlackRD "115"]
[GameID "6142"]

1. e4 c5 2. Bc4 Nc6 3. d3 g6 4. Nf3 Bg7 5. O-O d6 6. b3 Bxa1 7. Ng5 e6 8. a4 Bf6 9. Qg4 Ne5 10. Qg3 h6
11. Nf3 Nxc4 12. dxc4 Ne7 13. Rd1 e5 14. Nc3 Be6 15. Ba3 Qb6 16. Nb5 Rd8 17. c3 a6 18. Nxd6+ Rxd6 19. Nd2 Qxb3 20. h3 Qxd1+
0-1

[Event "2005 Standard Chess Dropout Tournament, Round 1"]
[Site "SchemingMind.com"]
[Date "2004.12.13"]
[Round "1"]
[White "fifi"]
[Black "Pavl F"]
[Result "1-0"]
[WhiteCountry "CAN"]
[BlackCountry "USA"]
[WhiteElo "1931"]
[WhiteRD "107"]
[BlackElo "1674"]
[BlackRD "103"]
[GameID "6143"]

1. e4 c5 2. Nf3 Nc6 3. d4 cxd4 4. Nxd4 e6 5. Nc3 Nf6 6. Ndb5 a6 7. Nd6+ Bxd6 8. Qxd6 Qe7 9. Bf4 e5 10. Qxe7+ Kxe7
11. Bg5 Nb4 12. O-O-O h6 13. Bxf6+ Kxf6 14. a3 Nc6 15. Nd5+ Kg6 16. Nb6 Rb8 17. Rd6+ f6 18. g3 Re8 19. Bh3 Rd8 20. f4 exf4
21. gxf4 Re8 22. Nxc8 Rexc8 23. Rg1+ Kf7 24. Rxd7+ Ne7 25. Rxe7+
1-0

[Event "2005 Standard Chess Dropout Tournament, Round 1"]
[Site "SchemingMind.com"]
[Date "2004.12.13"]
[Round "1"]
[White "Gambito"]
[Black "lonlyranger"]
[Result "1-0"]
[WhiteCountry "ESP"]
[BlackCountry "USA"]
[WhiteElo "1665"]
[WhiteRD "130"]
[BlackElo "1494"]
[BlackRD "170"]
[GameID "6144"]

1. e4 e5 2. Nf3 Nc6 3. Bc4 Be7 4. d4 d6 5. d5 Nb8 6. h3 Nf6 7. Nc3 h6 8. O-O Bd7 9. a3 Qc8 10. Kh2 Nh7
11. Be3 Ng5 12. Ng1 c6 13. Qe2 b5 14. Ba2 Qb7 15. b4 a5 16. f3 a4 17. Rad1 f6 18. f4 Nf7 19. Qh5 Rf8 20. fxe5 dxe5
21. d6 Bd8 22. Nf3 Bc8 23. Nxe5
1-0

[Event "2005 Standard Chess Dropout Tournament, Round 1"]
[Site "SchemingMind.com"]
[Date "2004.12.13"]
[Round "1"]
[White "Gary"]
[Black "dmichael"]
[Result "0-1"]
[WhiteCountry "ENG"]
[BlackCountry "USA"]
[WhiteElo "1692"]
[WhiteRD "56"]
[BlackElo "2055"]
[BlackRD "95"]
[GameID "6145"]

1. c4 e6 2. Nf3 c5 3. g3 Nc6 4. Bg2 Qb6 5. O-O Nf6 6. Nc3 d5 7. b3 d4 8. Na4 Qc7 9. d3 Bd6 10. e3 O-O
11. Bb2 e5 12. exd4 exd4 13. Re1 a6 14. Bc1 Bf5 15. Nb2 Rfe8 16. Bg5 Rxe1+ 17. Qxe1 Re8 18. Qd2 Nd7 19. Re1 Be6 20. Qc2 h6
21. Bd2 Nf6 22. a3 Qd7 23. Na4 Bg4 24. Nb6 Rxe1+ 25. Nxe1 Qe7 26. Nd5 Nxd5 27. Bxd5 Qe2 28. Kg2 h5 29. Bf3 Bxf3+ 30. Nxf3 Ne5
31. Ne1 h4 32. Bf4 h3+
0-1

[Event "2005 Standard Chess Dropout Tournament, Round 1"]
[Site "SchemingMind.com"]
[Date "2004.12.13"]
[Round "1"]
[White "Grobber"]
[Black "startstek"]
[Result "0-1"]
[WhiteCountry "ISL"]
[BlackCountry "ALG"]
[WhiteElo "1393"]
[WhiteRD "102"]
[BlackElo "1851"]
[BlackRD "128"]
[GameID "6146"]

1. d4 Nf6 2. c4 g6 3. Nc3 Bg7 4. e4 d6 5. f3 O-O 6. Be3 e5 7. d5 Nh5 8. Bd3 f5 9. Nh3 f4 10. Bf2 Bxh3
11. gxh3 Bf6 12. Qb3 b6 13. O-O-O Nd7 14. Kb1 Bh4 15. Rdf1 Bxf2 16. Rxf2 Qh4 17. Qc2 Qxh3 18. Bf1 Qh4 19. Rg1 Kg7 20. Nb5 Rfc8
21. h3 a6 22. Nc3 Ng3 23. Qd1 Nf6 24. Ne2 Nfh5 25. Qe1 Nxe2 26. Qxe2 Ng3 27. Qe1 h5 28. b4 Qe7 29. Qc3 Nxf1 30. Rgxf1 b5
31. c5 a5 32. bxa5 b4 33. Qc4 dxc5 34. Rc1 Rxa5 35. Rg2 Rca8 36. Rcg1 R8a6 37. Qb3 Qe8 38. Qd1 b3 39. Qd3 Rxa2 40. Rxa2 bxa2+
41. Ka1 Qa4 42. Rc1 Qa5 43. Rxc5 Qe1+ 44. Kb2 a1=Q+ 45. Kb3 Qa2#
0-1

[Event "2005 Standard Chess Dropout Tournament, Round 1"]
[Site "SchemingMind.com"]
[Date "2004.12.13"]
[Round "1"]
[White "gtolle"]
[Black "PugadLawin"]
[Result "0-1"]
[WhiteCountry "USA"]
[BlackCountry "PHI"]
[WhiteElo "1385"]
[WhiteRD "118"]
[BlackElo "1936"]
[BlackRD "129"]
[GameID "6147"]

1. b3 d5 2. Bb2 Bg4 3. h3 Bh5 4. g4 Bg6 5. e3 c6 6. c4 e6 7. a3 h5 8. Be2 hxg4 9. Bxg4 Nd7 10. Nf3 Ngf6
11. Ne5 Nxe5 12. Bxe5 Bd6 13. d4 Bxe5 14. dxe5 Nxg4 15. Qxg4 Rh4 16. Qg3 dxc4 17. b4 Rh5 18. Nc3 Qd3 19. e4 Bxe4 20. Rg1 Bf3
21. Rc1 O-O-O 22. Qf4 Qxc3+
0-1

[Event "2005 Standard Chess Dropout Tournament, Round 1"]
[Site "SchemingMind.com"]
[Date "2004.12.13"]
[Round "1"]
[White "guiri1967"]
[Black "faaus"]
[Result "0-1"]
[WhiteCountry "BEL"]
[BlackCountry "ARG"]
[WhiteElo "1660"]
[WhiteRD "113"]
[BlackElo "2050"]
[BlackRD "114"]
[GameID "6148"]

1. e4 Nc6 2. Nc3 d6 3. d4 Nf6 4. Bc4 Nxe4 5. Bxf7+ Kxf7 6. Nxe4 Bf5 7. Qd3 e6 8. d5 Qh4 9. dxe6+ Kg8 10. e7 Bxe4
11. Qb3+ d5 12. exf8=Q+ Rxf8 13. Nf3 Qg4 14. Ng5 Nd4 15. f3 Qxg2 16. Qxb7 Qe2#
0-1

[Event "2005 Standard Chess Dropout Tournament, Round 1"]
[Site "SchemingMind.com"]
[Date "2004.12.14"]
[Round "1"]
[White "Gustavo"]
[Black "jay_3july"]
[Result "0-1"]
[WhiteCountry "ARG"]
[BlackCountry "IND"]
[WhiteElo "1373"]
[WhiteRD "105"]
[BlackElo "1327"]
[BlackRD "116"]
[GameID "6149"]

1. d4 d5 2. Bf4 h6 3. Nf3 e6 4. a3 a6 5. e3 Nf6 6. Bd3 Nc6 7. c4 dxc4 8. Bxc4 Bd6 9. Bxd6 Qxd6 10. Nc3 e5
11. Nxe5 Nxe5 12. Be2 Nc6 13. O-O h5 14. Bf3 Bg4 15. h3 Bxf3 16. Qxf3 O-O-O 17. b4 Kb8 18. b5 axb5
0-1